Rock Classics - guess the lyrics - Statistics

General Stats
  • This quiz has been taken 104 times
  • The average score is 7 of 15
Answer Stats
Hint Answer % Correct
"Put a gun against his head / pulled my trigger now he's dead / mama, life has just begun" Bohemian Rhapsody
96%
"Tommy used to work on the docks, union's been on strike / He's down on his luck, it's tough, so tough" Livin on a prayer
76%
"I see a line of cars / And they're all painted black / With flowers and my love / Both never to come back" Paint it black
76%
"Don't go around tonight / Well it's bound to take your life / There's a bad moon on the rise" Bad moon rising
63%
"If I leave here tomorrow / Would you still remember me? / For I must be traveling on, now /'Cause there's too many places I've got to see" Free bird
61%
"Some folks are born made to wave the flag / Hoo, they're red, white and blue / And when the band plays "Hail to the chief" / Ooh, they point the cannon at you, Lord" Fortunate son
57%
"I know nobody knows / Where it comes and where it goes / I know it's everybody's sin /You got to lose to know how to win" Dream on
48%
"Mother was a tailor, yeah, yeah / Sewed my Levi jeans / My father was a gamblin' man, yeah, yeah / Down, way down in New Orleans" House of the rising sun
43%
"We all came out to Montreux / On the Lake Geneva shoreline / To make records with a mobile, yeah / We didn't have much time now" Smoke on the water
37%
"Something's wrong, shut the light / Heavy thoughts tonight / And they aren't of Snow White / Dreams of war, dreams of liars / Dreams of dragon's fire / And of things that will bite, yeah" Enter Sandman
31%
"All day long I think of things / But nothing seems to satisfy / Think I'll lose my mind / If I don't find something to pacify" Paranoid
30%
"Rode down the highway / Broke the limit, we hit the town / Went through to Texas, yeah, Texas, and we had some fun" Thunderstruck
29%
"I've listened to preachers / I've listened to fools / I've watched all the dropouts / Who make their own rules / One person conditioned to rule and control / The media sells it and you live the role" Crazy Train
26%
"Another head hangs lowly / Child is slowly taken / And the violence caused such silence / Who are we mistaken?" Zombie
23%
"I guess I'm learning / I must be warmer now / I'll soon be turning, round the corner now / Outside the dawn is breaking / But inside in the dark I'm aching to be free" The show must go on
11%
No matching quizzes found
Score Distribution
Percent of People with Each Score
Percentile by Number Answered
Your Score History
You have not taken this quiz